000 00420nam a22001697a 4500
005 20160601094008.0
008 160601b xxu||||| |||| 00| 0 eng d
020 _a978-81-315-0412-3
041 _aeng
082 _b6507
100 _aCullen, John B & Parkoteech, K. Paraveen
_91631
245 _aIntercultural Management
260 _bSouth westre
_c2008
300 _a644
650 _aManagement
_9241
942 _cBK
999 _c2295
_d2294